000 00401nam a2200157Ia 4500
008 230711s9999||||xx |||||||||||||| ||und||
020 _a978-93-325-4945-6
041 _aENG
082 _a621
_bJO-P
100 _aJohnson,Curtis D
245 0 _aProcess control instrumentation technology
250 _a8th Ed.
260 _c2016
_aNew Delhi
_bPearson
650 _aElectrical Engineering
942 _cBK
999 _c4067
_d4067